000 00919nam2a22002531 4500
001 RU\NLR\INFOCOMM16\1000098446
005 20250617120626.0
035 _a(NLR Aleph) 002589743
090 _a3350411
_c3350411
100 _a20040529d1988 |||y0rusy50 ca
101 0 _arus
102 _aRU
105 _ay |||||||||
200 1 _aПролиферация и старение
_fА.Н. Хохлов
210 _d1988
_aБ. м.
461 0 _1001RU\NLR\INFOCOMM16\1000098441
_12001#$aОбщие проблемы физико-химической биологии$fВИНИТИ$vТ.9
_93350369
_cМ.
_d1984-
_fВИНИТИ
_tОбщие проблемы физико-химической биологии
_x0233-6715
_vТ.9
700 1 _aХохлов
_bА.Н.
_4070
801 1 _aRU
_bInfoComm
_c20040529
801 0 _aRU
_bNLR
_gPSBO
852 _aNLR
_jП7/2062
942 _cISSUE
980 _aNB
980 _aRUSPER